| 000 | 00452cam a2200193 4500 | ||
|---|---|---|---|
| 001 | D1025 | ||
| 008 | 090401t1948 xxu||||| |||| 00| 0 eng d | ||
| 035 | _a(Sirsi) u62283 | ||
| 041 | _aeng | ||
| 050 | _a633.1 | ||
| 100 | _aArmstrong, S.F. | ||
| 245 | _aBritish grasses and their employment in agriculture | ||
| 250 | _a3rd | ||
| 260 |
_aCambridge _bCUP _c1948 |
||
| 300 | _aix. 350p. 22cm | ||
| 350 | _a0.9 | ||
| 942 | _n0 | ||
| 948 | _c04/03/1997 | ||
| 999 |
_c94390 _d94390 |
||